000 00479nam a22001697a 4500
999 _c160685
_d160685
005 20190207161812.0
010 _aB-230976
020 _c400.00
035 _aB-230976
037 _bArchana Publications
082 _a954.0841
100 _aIrvine, A.A.
245 _aGadar Party's:
_bLahore Conspiracy Case:1915 judgement /
_cA.A. Irvine
260 _aMeerut
_bArchana Publications
_c2006
300 _a560p.
_c22cm(hbk)
942 _2ddc
_cEN
_h954.0841
_mIRY